00376nam a2200133 a 45000010010000000030011000100080041000210350026000620820015000881000023001032450052001262600053001786500011002310000-8628ELIB.Books110520 2002  a(ELIB.Books)0000-8774 aB.Th bJeh aJehosheba Tun, Naw aThe Women who Anti-Jehovah Jezebel and Athaliah bInsein: Karen Baptist Theolgical Seminary c2002 aThesis